NLSUI OPAC header image

Minorities in India : Protection and welfare (Record no. 13311)

MARC details
000 -LEADER
fixed length control field 00526nam a2200157Ia 4500
008 - FIXED-LENGTH DATA ELEMENTS--GENERAL INFORMATION
fixed length control field 160316s1997 xxu||||| |||| 00| 0 eng d
082 ## - DEWEY DECIMAL CLASSIFICATION NUMBER
Classification number 344.030000
Item number PAN
100 ## - MAIN ENTRY--PERSONAL NAME
Personal name Pandey Rajendra
245 ## - TITLE STATEMENT
Title Minorities in India : Protection and welfare
250 ## - EDITION STATEMENT
Edition statement
260 ## - PUBLICATION, DISTRIBUTION, ETC.
Place of publication, distribution, etc. New Delhi
Name of publisher, distributor, etc. APH Publishing Corporation
Date of publication, distribution, etc. 1997
300 ## - PHYSICAL DESCRIPTION
Extent 288p.
Other physical details
Dimensions v
365 ## - TRADE PRICE
Price amount Rs.600
650 ## - SUBJECT ADDED ENTRY--TOPICAL TERM
Topical term or geographic name entry element 1.Minorities - Welfare - Protection - India<br/>2.Electricity Problem - India<br/>3.Protective Discrimination - Backward Classes - India
700 ## - ADDED ENTRY--PERSONAL NAME
Personal name
--
Holdings
Withdrawn status Lost status Damaged status Not for loan Home library Current library Shelving location Date acquired Cost, normal purchase price Total Checkouts Full call number Barcode Date last seen Price effective from Koha item type
        NLS NLS   30/05/2017 600.00   344.03 PAN 13670 30/05/2017 30/05/2017 BOOKs